[Event "POL-chT 2nd League"]
[Site "Szczyrk"]
[Date "2014.09.10"]
[Round "5.90"]
[White "Wiatr, Maria"]
[Black "Jurkiewicz, Joanna"]
[Result "1/2-1/2"]
[WhiteElo "1632"]
[BlackElo "1772"]
[PlyCount "110"]
[EventDate "2014.09.06"]
[EventType "team-swiss"]
[EventRounds "9"]
[EventCountry "POL"]
[SourceTitle "EXT 2015"]
[Source "ChessBase"]
[SourceDate "2014.11.20"]
[SourceVersion "1"]
[SourceVersionDate "2014.11.20"]
[SourceQuality "1"]
[WhiteTeam "Pszczyna PSSz"]
[BlackTeam "Kolbudy UKS Zawisza"]
[WhiteTeamCountry "POL"]
[BlackTeamCountry "POL"]

1. d4 Nf6 2. c4 e6 3. g3 Bb4+ 4. Bd2 Bxd2+ 5. Nxd2 Nc6 6. Ngf3 d5 7. Bg2 0-0 8. 0-0 Qe7 9. Re1 Rd8 10. Qc2 Nb4 11. Qc3 dxc4 12. Qxc4 e5 13. dxe5 Ng4 14. a3 Nc6 15. Rad1 Ngxe5 16. Nxe5 Nxe5 17. Qc3 c6 18. Nf3 Nxf3+ 19. Bxf3 Bf5 20. Qa5 Be6 21. e3 a6 22. Qc3 h6 23. Rd2 Rxd2 24. Qxd2 Rd8 25. Qc2 Bd5 26. Bxd5 Rxd5 27. Rd1 Qd7 28. Rxd5 Qxd5 29. Qc3 Qe4 30. h4 Qd5 31. Qb4 c5 32. Qc3 b5 33. Qc2 c4 34. Qc3 Qd1+ 35. Kg2 Qd5+ 36. Kg1 f6 37. Qc2 Qd3 38. Qc3 Qxc3 39. bxc3 Kf7 40. Kf1 Ke6 41. Ke2 g5 42. hxg5 hxg5 43. g4 f5 44. gxf5+ Kxf5 45. f3 g4 46. e4+ Kf4 47. fxg4 Kxe4 48. g5 Kf5 49. Ke3 Kxg5 50. Kd4 Kf4 51. a4 bxa4 52. Kxc4 a5 53. Kd3 a3 54. Kc2 a4 55. Kb1 Ke3 1/2-1/2

[Event "POL-chT 2nd League"]
[Site "Szczyrk"]
[Date "2014.09.09"]
[Round "4.90"]
[White "Tracz, Marcelina"]
[Black "Wiatr, Maria"]
[Result "1-0"]
[WhiteElo "1782"]
[BlackElo "1632"]
[PlyCount "81"]
[EventDate "2014.09.06"]
[EventType "team-swiss"]
[EventRounds "9"]
[EventCountry "POL"]
[SourceTitle "EXT 2015"]
[Source "ChessBase"]
[SourceDate "2014.11.20"]
[SourceVersion "1"]
[SourceVersionDate "2014.11.20"]
[SourceQuality "1"]
[WhiteTeam "Wieliczka MKS MOS"]
[BlackTeam "Pszczyna PSSz"]
[WhiteTeamCountry "POL"]
[BlackTeamCountry "POL"]

1. e4 e5 2. Nf3 Nf6 3. Nxe5 d6 4. Nf3 Nxe4 5. Nc3 Nf6 6. d4 d5 7. Bf4 c6 8. Bd3 Bb4 9. 0-0 0-0 10. Ne5 Nbd7 11. Bg5 h6 12. Bh4 Re8 13. Re1 Be7 14. Qe2 Qb6 15. Nxd7 Bxd7 16. Qd2 Be6 17. a3 Qc7 18. Re2 Ng4 19. Bg3 Qc8 20. f3 Nf6 21. Rae1 Nh5 22. Be5 Bg5 23. Qd1 Nf4 24. Bxf4 Bxf4 25. g3 Bd6 26. Qd2 Qd7 27. Nd1 f5 28. f4 c5 29. c3 Qf7 30. Ne3 Qf6 31. Nxd5 Qf7 32. Ne3 cxd4 33. cxd4 g6 34. Nc4 Bc7 35. Ne5 Bxe5 36. Rxe5 a6 37. Qe2 Qd7 38. Rxe6 Qxd4+ 39. Kf1 Rxe6 40. Qxe6+ Kg7 41. Bc4 1-0

[Event "POL-chT U19 2nd League"]
[Site "Borowice"]
[Date "2012.07.29"]
[Round "11"]
[White "Reda, Lucja"]
[Black "Wiatr, Maria"]
[Result "0-1"]
[WhiteElo "1269"]
[BlackElo "1643"]
[PlyCount "67"]
[EventDate "2012.07.21"]
[EventType "team-swiss"]
[EventRounds "11"]
[EventCountry "POL"]
[SourceTitle "EXT 2014"]
[Source "ChessBase"]
[SourceDate "2013.11.20"]
[SourceVersion "1"]
[SourceVersionDate "2013.11.20"]
[SourceQuality "1"]
[WhiteTeam "Warszawa UKS Czternastka U19"]
[BlackTeam "Pszczyna PSSz U19"]
[WhiteTeamCountry "POL"]
[BlackTeamCountry "POL"]

1. d4 Nf6 2. Nf3 c5 3. e3 d5 4. b3 g6 5. Bb2 Bg7 6. Nbd2 Nc6 7. Be2 0-0 8. 0-0 Nd7 9. Re1 e5 10. dxe5 Ndxe5 11. Rb1 Re8 12. h3 Bf5 13. Nxe5 Nxe5 14. Nf3 a6 15. Qd2 Qd7 16. Red1 Rad8 17. Kh2 Qe7 18. Ba1 Be4 19. Nxe5 Bxe5+ 20. Bxe5 Qxe5+ 21. Kg1 d4 22. Bd3 Bxd3 23. cxd3 dxe3 24. fxe3 Qxe3+ 25. Qxe3 Rxe3 26. Rbc1 Rexd3 27. Rxd3 Rxd3 28. Rxc5 Rd2 29. Ra5 Kf8 30. a3 Rd3 31. b4 Ke7 32. Kf2 Kd6 33. b5 Rd5 34. Ra4 0-1

[Event "POL-chT U19 2nd League"]
[Site "Borowice"]
[Date "2012.07.21"]
[Round "1"]
[White "Wesolowska, Katarzyna"]
[Black "Wiatr, Maria"]
[Result "1/2-1/2"]
[WhiteElo "1760"]
[BlackElo "1643"]
[PlyCount "83"]
[EventDate "2012.07.21"]
[EventType "team-swiss"]
[EventRounds "11"]
[EventCountry "POL"]
[SourceTitle "EXT 2014"]
[Source "ChessBase"]
[SourceDate "2013.11.20"]
[SourceVersion "1"]
[SourceVersionDate "2013.11.20"]
[SourceQuality "1"]
[WhiteTeam "Wolsztyn UKS Szach U19"]
[BlackTeam "Pszczyna PSSz U19"]
[WhiteTeamCountry "POL"]
[BlackTeamCountry "POL"]

1. e4 e5 2. Nf3 Nf6 3. Nc3 Bb4 4. Nd5 Nxd5 5. exd5 0-0 6. c3 Bc5 7. d4 exd4 8. Nxd4 Re8+ 9. Be2 Qf6 10. Nf3 d6 11. 0-0 h6 12. Qd2 Bg4 13. b3 Nd7 14. Bb2 Ne5 15. Nxe5 Bxe2 16. Qxe2 Qxe5 17. Qd2 Qe2 18. Rad1 Re7 19. c4 Rae8 20. Bc3 Qh5 21. a4 Re2 22. Qd3 a6 23. Qg3 g6 24. Bd4 Bxd4 25. Rxd4 Qe5 26. Qxe5 R8xe5 27. Rd3 Rb2 28. g3 f5 29. Rfd1 Ree2 30. Rf3 Kf7 31. Rdd3 Re1+ 32. Kg2 Kf6 33. Rfe3 Rbe2 34. Kf3 Rxe3+ 35. Rxe3 Rxe3+ 36. Kxe3 a5 37. Kd4 b6 38. f4 g5 39. Ke3 Kg6 40. Kf3 Kf6 41. Ke3 Kg6 42. Kf3 1/2-1/2

[Event "POL-chT U19 2nd League"]
[Site "Chelm Lubelski"]
[Date "2010.07.10"]
[Round "6"]
[White "Sosnowska, Monika"]
[Black "Wiatr, Maria"]
[Result "0-1"]
[WhiteElo "1457"]
[BlackElo "1555"]
[PlyCount "68"]
[EventDate "2010.07.06"]
[EventType "team-tourn"]
[EventRounds "11"]
[EventCountry "POL"]
[SourceTitle "EXT 2011"]
[Source "ChessBase"]
[SourceDate "2010.11.26"]
[SourceVersion "1"]
[SourceVersionDate "2010.11.26"]
[SourceQuality "1"]
[WhiteTeam "Chorzowskie Towarzystwo Szachowe"]
[BlackTeam "Pszczyna PSSz U19"]
[WhiteTeamCountry "POL"]
[BlackTeamCountry "POL"]

1. d4 e6 2. Nf3 c5 3. c3 Nf6 4. Nbd2 d5 5. e3 Bd6 6. Bd3 0-0 7. 0-0 Nc6 8. a3 e5 9. dxe5 Nxe5 10. Nxe5 Bxe5 11. c4 Be6 12. Rb1 Qc7 13. Nf3 dxc4 14. Nxe5 cxd3 15. Nf3 Rad8 16. Bd2 Ne4 17. Rc1 Bg4 18. Rc4 Bxf3 19. gxf3 Nxd2 20. Qxd2 b5 21. Rg4 c4 22. Qc3 f6 23. Qd2 Rc8 24. e4 a5 25. Kh1 Rf7 26. Rfg1 Kh8 27. Qc3 Qb6 28. b4 axb4 29. axb4 Qxf2 30. R4g3 Rd8 31. e5 d2 32. e6 Re7 33. Rxg7 Rxg7 34. Qxf6 Qxg1# 0-1

[Event "POL-chT U19 2nd League"]
[Site "Chelm Lubelski"]
[Date "2010.07.09"]
[Round "5"]
[White "Wiatr, Maria"]
[Black "Wozniak, Mariola"]
[Result "1-0"]
[WhiteElo "1555"]
[BlackElo "1722"]
[PlyCount "43"]
[EventDate "2010.07.06"]
[EventType "team-tourn"]
[EventRounds "11"]
[EventCountry "POL"]
[SourceTitle "EXT 2011"]
[Source "ChessBase"]
[SourceDate "2010.11.26"]
[SourceVersion "1"]
[SourceVersionDate "2010.11.26"]
[SourceQuality "1"]
[WhiteTeam "Pszczyna PSSz U19"]
[BlackTeam "Krakow KKSz 1893 U19"]
[WhiteTeamCountry "POL"]
[BlackTeamCountry "POL"]

1. e4 c5 2. b3 Nc6 3. Bb2 d6 4. Bb5 e6 5. f4 Nf6 6. d3 Be7 7. Nf3 0-0 8. Bxc6 bxc6 9. 0-0 d5 10. e5 Nd7 11. Nbd2 Rb8 12. Qe1 a5 13. Qg3 Nb6 14. Rae1 a4 15. f5 Re8 16. f6 Bf8 17. Ng5 g6 18. Ndf3 c4 19. Nxh7 Nd7 20. Qh4 Bc5+ 21. d4 Ba7 22. Qh6 1-0

[Event "POL-chT U19 2nd League"]
[Site "Chelm Lubelski"]
[Date "2010.07.08"]
[Round "4"]
[White "Wiatr, Maria"]
[Black "Nun, Joanna"]
[Result "1/2-1/2"]
[WhiteElo "1555"]
[BlackElo "1564"]
[PlyCount "96"]
[EventDate "2010.07.06"]
[EventType "team-tourn"]
[EventRounds "11"]
[EventCountry "POL"]
[SourceTitle "EXT 2011"]
[Source "ChessBase"]
[SourceDate "2010.11.26"]
[SourceVersion "1"]
[SourceVersionDate "2010.11.26"]
[SourceQuality "1"]
[WhiteTeam "Pszczyna PSSz U19"]
[BlackTeam "Kozuchow Odrodzenie U19"]
[WhiteTeamCountry "POL"]
[BlackTeamCountry "POL"]

1. d4 Nf6 2. Nc3 g6 3. Bg5 Bg7 4. e4 d6 5. Bc4 c6 6. Nf3 b5 7. Bd3 b4 8. Ne2 Bg4 9. Ng3 Qb6 10. c3 Nbd7 11. 0-0 c5 12. h3 Bxf3 13. Qxf3 0-0 14. Qe3 Rfc8 15. Kh1 cxd4 16. cxd4 Ne8 17. Ne2 e5 18. dxe5 Qxe3 19. Bxe3 Nxe5 20. Ba6 Rc7 21. Rac1 Re7 22. Nf4 Nc7 23. Bb7 Rb8 24. Nd5 Nxd5 25. Bxd5 Nd3 26. Rc6 Rd7 27. b3 Kf8 28. Rd1 Nb2 29. Rd2 Bc3 30. Rc2 Nd3 31. f4 Ke7 32. Bc4 Nb2 33. Bd5 Nd3 34. g3 h6 35. Bd2 Bxd2 36. Rxd2 Nc5 37. e5 Nb7 38. exd6+ Nxd6 39. Re2+ Kf6 40. Kg2 Kg7 41. Bf3 Nb5 42. Rc4 Nc3 43. Rc2 Rd3 44. Rc7 Nb5 45. R7c5 Nd4 46. Rf2 Nxf3 47. Rxf3 Rd2+ 48. Rf2 Rd7 1/2-1/2

[Event "POL-ch U16 Girls"]
[Site "Chotowa"]
[Date "2009.04.05"]
[Round "11"]
[White "Wiatr, Maria"]
[Black "Wieczorek, Aleksandra"]
[Result "1-0"]
[WhiteElo "1438"]
[BlackElo "1614"]
[PlyCount "41"]
[EventDate "2009.03.28"]
[EventType "swiss"]
[EventRounds "11"]
[EventCountry "POL"]
[SourceTitle "EXT 2018"]
[Source "ChessBase"]
[SourceDate "2017.10.13"]
[SourceVersion "1"]
[SourceVersionDate "2017.10.13"]
[SourceQuality "1"]

1. e4 g6 2. d4 Bg7 3. Nc3 d6 4. Nf3 a6 5. Bd3 b5 6. a3 Bb7 7. Be3 Nf6 8. h3 Nbd7 9. Qd2 c5 10. dxc5 Nxc5 11. Bxc5 dxc5 12. e5 Nd7 13. e6 fxe6 14. 0-0-0 Nf6 15. Qe2 Qb6 16. Rhe1 Bc8 17. Kb1 b4 18. axb4 Qxb4 19. Qd2 Rb8 20. Bxg6+ hxg6 21. Qd8+ 1-0

[Event "POL-ch U16 Girls"]
[Site "Chotowa"]
[Date "2009.03.30"]
[Round "4"]
[White "Wiatr, Maria"]
[Black "Zelenka, Katarzyna"]
[Result "0-1"]
[WhiteElo "1438"]
[BlackElo "1580"]
[PlyCount "100"]
[EventDate "2009.03.28"]
[EventType "swiss"]
[EventRounds "11"]
[EventCountry "POL"]
[SourceTitle "EXT 2011"]
[Source "ChessBase"]
[SourceDate "2010.11.26"]
[SourceVersion "1"]
[SourceVersionDate "2010.11.26"]
[SourceQuality "1"]

1. d4 d5 2. c4 c6 3. g3 Nf6 4. Bg2 Nbd7 5. Nf3 e6 6. 0-0 Be7 7. Nc3 0-0 8. Nd2 b6 9. e4 dxc4 10. d5 Ne5 11. dxc6 Nxc6 12. Nxc4 Ba6 13. Qa4 Qc8 14. Rd1 Bxc4 15. Qxc4 Bc5 16. Qe2 Nd4 17. Qf1 Ng4 18. Rd2 Ne5 19. Kh1 f5 20. exf5 Rxf5 21. Ne4 Ndf3 22. Nxc5 Nxd2 23. Bxd2 bxc5 24. Bxa8 Qxa8+ 25. Qg2 Qxg2+ 26. Kxg2 Nd3 27. Be3 c4 28. Bxa7 e5 29. Be3 Rf7 30. Rd1 Nxb2 31. Rc1 Rc7 32. Rc2 Nd3 33. Rc3 Nb4 34. a3 Nd5 35. Rc1 Nxe3+ 36. fxe3 e4 37. g4 Kf7 38. Kg3 g5 39. Rc3 Ke6 40. h4 h6 41. hxg5 hxg5 42. Kf2 Kd5 43. Kg2 Rb7 44. Rc2 Rb3 45. Kf2 c3 46. Ke2 Rxa3 47. Kd1 Kc4 48. Ke2 Rb3 49. Kd1 Rb1+ 50. Ke2 Rb2 0-1

[Event "POL-ch U16 Girls"]
[Site "Chotowa"]
[Date "2009.03.30"]
[Round "3"]
[White "Wolniaczyk, Daria"]
[Black "Wiatr, Maria"]
[Result "1-0"]
[WhiteElo "1628"]
[BlackElo "1438"]
[PlyCount "87"]
[EventDate "2009.03.28"]
[EventType "swiss"]
[EventRounds "11"]
[EventCountry "POL"]
[SourceTitle "EXT 2011"]
[Source "ChessBase"]
[SourceDate "2010.11.26"]
[SourceVersion "1"]
[SourceVersionDate "2010.11.26"]
[SourceQuality "1"]

1. e4 e5 2. Nf3 Nf6 3. d3 Nc6 4. Nc3 Bb4 5. Bd2 d5 6. Nxd5 Bxd2+ 7. Qxd2 Nxd5 8. exd5 Qxd5 9. Be2 0-0 10. h3 Bf5 11. Rg1 Rad8 12. g4 Be6 13. c4 Qd6 14. a3 Nd4 15. Nxd4 Qxd4 16. Qc3 Qxc3+ 17. bxc3 c5 18. 0-0-0 f5 19. g5 Rd6 20. Kc2 Rfd8 21. Bf3 b6 22. h4 Bd7 23. Kb2 Ba4 24. Rd2 Kf8 25. Bd5 b5 26. Re2 bxc4 27. Bxc4 e4 28. dxe4 Rd2+ 29. Kc1 Rd1+ 30. Rxd1 Rxd1+ 31. Kb2 fxe4 32. Bb3 Bxb3 33. Kxb3 Ra1 34. Kb2 Rf1 35. a4 a5 36. Kb3 Rb1+ 37. Kc4 Ra1 38. Kb5 Ra3 39. c4 Rb3+ 40. Kxa5 Rb4 41. Rxe4 Kf7 42. h5 h6 43. f4 Kf8 44. g6 1-0

[Event "POL-chT U19 1th League"]
[Site "Gorzow Wielkopolski"]
[Date "2008.07.11"]
[Round "7.30"]
[White "Wiatr, Maria"]
[Black "Cyboran, Katarzyna"]
[Result "0-1"]
[WhiteElo "1435"]
[BlackElo "1714"]
[PlyCount "88"]
[EventDate "2008.07.05"]
[EventType "team-tourn"]
[EventRounds "9"]
[EventCountry "POL"]
[SourceTitle "EXT 2019"]
[Source "ChessBase"]
[SourceDate "2018.10.10"]
[SourceVersion "1"]
[SourceVersionDate "2018.10.10"]
[SourceQuality "1"]
[WhiteTeam "Jastrzebie Zdroj Pionier U19"]
[BlackTeam "Czarna LKSz GCKiP U19"]
[WhiteTeamCountry "POL"]
[BlackTeamCountry "POL"]

1. d4 c5 2. e3 g6 3. c4 Bg7 4. Nf3 cxd4 5. exd4 d6 6. Nc3 Nc6 7. Be2 Bf5 8. 0-0 Rc8 9. Bf4 Nf6 10. d5 Na5 11. Nd2 b6 12. Be3 0-0 13. b4 Nb7 14. Rc1 e5 15. dxe6 Bxe6 16. Bg5 h6 17. Bh4 g5 18. Bg3 Qd7 19. Nce4 Nxe4 20. Nxe4 Rfd8 21. f4 f5 22. Nd2 g4 23. Nb3 a5 24. a3 d5 25. Nd4 dxc4 26. Nxe6 Qxe6 27. Qc2 b5 28. a4 axb4 29. axb5 Na5 30. Qa2 Qb6+ 31. Bf2 Qxb5 32. Rfd1 b3 33. Rxd8+ Rxd8 34. Qb1 Bd4 35. Bxd4 Rxd4 36. Qb2 Qc5 37. Kh1 Re4 38. g3 Qd5 39. Kg1 Qd4+ 40. Qxd4 Rxd4 41. Kf1 b2 42. Rb1 c3 43. Bd1 Rxd1+ 44. Rxd1 c2 0-1

[Event "POL-chT U19 1th League"]
[Site "Gorzow Wielkopolski"]
[Date "2008.07.07"]
[Round "3.18"]
[White "Wiatr, Maria"]
[Black "Zmarzly, Aleksandra"]
[Result "0-1"]
[WhiteElo "1435"]
[BlackElo "1929"]
[PlyCount "64"]
[EventDate "2008.07.05"]
[EventType "team-tourn"]
[EventRounds "9"]
[EventCountry "POL"]
[SourceTitle "EXT 2019"]
[Source "ChessBase"]
[SourceDate "2018.10.10"]
[SourceVersion "1"]
[SourceVersionDate "2018.10.10"]
[SourceQuality "1"]
[WhiteTeam "Jastrzebie Zdroj Pionier U19"]
[BlackTeam "Legnica Miedz U19"]
[WhiteTeamCountry "POL"]
[BlackTeamCountry "POL"]

1. d4 Nf6 2. c4 e6 3. Nc3 Bb4 4. Bd2 Bxc3 5. Bxc3 Ne4 6. Nf3 0-0 7. e3 b6 8. Bd3 Bb7 9. 0-0 d6 10. Qc2 f5 11. Nd2 Nxc3 12. Qxc3 Nd7 13. Qc2 c5 14. d5 Qg5 15. Nf3 Qg4 16. e4 fxe4 17. Bxe4 Nf6 18. Rae1 exd5 19. cxd5 Nxe4 20. Qxe4 Qxe4 21. Rxe4 Bxd5 22. Re3 Bxa2 23. b3 c4 24. bxc4 Bxc4 25. Rd1 Rfd8 26. Nd2 Bf7 27. Rd3 d5 28. Nc4 Kf8 29. Ne3 a5 30. Nxd5 Rxd5 31. Rxd5 Bxd5 32. Rxd5 Ke7 0-1

[Event "POL-chT3 U19 Slaska"]
[Site "Slask"]
[Date "2007.05.20"]
[Round "11.36"]
[White "Gorol, Dominika"]
[Black "Wiatr, Maria"]
[Result "0-1"]
[WhiteElo "1600"]
[BlackElo "1400"]
[PlyCount "64"]
[EventDate "2007.01.27"]
[EventType "team-tourn"]
[EventRounds "11"]
[EventCountry "POL"]
[SourceTitle "EXT 2019"]
[Source "ChessBase"]
[SourceDate "2018.10.10"]
[SourceVersion "1"]
[SourceVersionDate "2018.10.10"]
[SourceQuality "1"]
[WhiteTeam "Gliwice Politechnika Slaska U19 II"]
[BlackTeam "Pszczyna PSSz U19"]
[WhiteTeamCountry "POL"]
[BlackTeamCountry "POL"]

1. e4 e5 2. Nf3 Nc6 3. d4 exd4 4. Nxd4 Nf6 5. Nxc6 bxc6 6. Bd3 d5 7. exd5 cxd5 8. Bb5+ Bd7 9. Bxd7+ Qxd7 10. 0-0 Be7 11. Nd2 0-0 12. b3 Rfe8 13. Bb2 Rad8 14. Nf3 h6 15. Ne5 Qd6 16. Re1 Qb6 17. Qf3 Bc5 18. Nd3 d4 19. Nxc5 Qxc5 20. Rxe8+ Rxe8 21. Rc1 Qxc2 22. h3 Qxb2 23. Rxc7 Qxa2 24. Kh2 a5 25. Qb7 Qxf2 26. Rxf7 Ng4+ 27. hxg4 Qxf7 28. Qb5 Re3 29. Qb8+ Kh7 30. Qb5 Qf4+ 31. g3 Qxg3+ 32. Kh1 Re1+ 0-1

[Event "POL-chT3 U19 Slaska"]
[Site "Slask"]
[Date "2007.04.22"]
[Round "7.30"]
[White "Wiatr, Maria"]
[Black "Kazibudzka, Zuzanna"]
[Result "1-0"]
[WhiteElo "1400"]
[BlackElo "1600"]
[PlyCount "85"]
[EventDate "2007.01.27"]
[EventType "team-tourn"]
[EventRounds "11"]
[EventCountry "POL"]
[SourceTitle "EXT 2019"]
[Source "ChessBase"]
[SourceDate "2018.10.10"]
[SourceVersion "1"]
[SourceVersionDate "2018.10.10"]
[SourceQuality "1"]
[WhiteTeam "Pszczyna PSSz U19"]
[BlackTeam "Katowice UKS Palac Mlodziezy U19"]
[WhiteTeamCountry "POL"]
[BlackTeamCountry "POL"]

1. e4 c5 2. Nf3 e6 3. d4 d5 4. dxc5 Bxc5 5. exd5 exd5 6. Bd3 Nf6 7. 0-0 0-0 8. Bg5 Nbd7 9. Nc3 Be7 10. Re1 Re8 11. Bb5 a6 12. Bxd7 Bxd7 13. Nxd5 Nxd5 14. Qxd5 Bxg5 15. Nxg5 h6 16. Nxf7 Rxe1+ 17. Rxe1 Qc8 18. Nd6+ Be6 19. Qxe6+ Qxe6 20. Rxe6 b5 21. Re8+ Rxe8 22. Nxe8 Kf7 23. Nc7 Ke7 24. Nxa6 Kd6 25. Kf1 Kd5 26. Ke2 Kd4 27. Nc7 b4 28. Ne6+ Ke5 29. Nxg7 Ke4 30. f3+ Ke5 31. a3 bxa3 32. bxa3 Kd5 33. a4 Kc5 34. f4 Kc6 35. f5 Kd7 36. a5 Kd8 37. a6 Ke7 38. a7 Kf6 39. a8Q Kxg7 40. Qc6 Kh7 41. Qg6+ Kh8 42. f6 h5 43. Qg7# 1-0

[Event "POL-chT3 U19 Slaska"]
[Site "Slask"]
[Date "2007.03.17"]
[Round "6.18"]
[White "Graczyk, Natalia"]
[Black "Wiatr, Maria"]
[Result "1-0"]
[WhiteElo "1600"]
[BlackElo "1400"]
[PlyCount "109"]
[EventDate "2007.01.27"]
[EventType "team-tourn"]
[EventRounds "11"]
[EventCountry "POL"]
[SourceTitle "EXT 2019"]
[Source "ChessBase"]
[SourceDate "2018.10.10"]
[SourceVersion "1"]
[SourceVersionDate "2018.10.10"]
[SourceQuality "1"]
[WhiteTeam "Czestochowa UKS Hetman U19 II"]
[BlackTeam "Pszczyna PSSz U19"]
[WhiteTeamCountry "POL"]
[BlackTeamCountry "POL"]

1. e4 e5 2. Nf3 Nc6 3. Bb5 f5 4. exf5 e4 5. Qe2 Qe7 6. Bxc6 dxc6 7. Nd4 Nf6 8. 0-0 Qd7 9. Ne6 Qd6 10. Qc4 Bxe6 11. fxe6 0-0-0 12. Nc3 Qc5 13. Qxc5 Bxc5 14. Re1 Rhe8 15. Kf1 Rxe6 16. d3 Rde8 17. Bg5 exd3 18. Rxe6 Rxe6 19. Bxf6 gxf6 20. cxd3 Re8 21. Ne4 Bd4 22. Nc3 a6 23. Rc1 b5 24. b3 Kd7 25. Ne2 Be5 26. Ng3 Kd6 27. Ne4+ Kd5 28. Rc5+ Kd4 29. Rxc6 Kxd3 30. Nc5+ Kd2 31. Nxa6 Re7 32. g3 h6 33. Rc5 b4 34. Nxb4 Bd6 35. Rd5+ Kc3 36. Nc6 Re8 37. Rb5 Ra8 38. Ra5 Rxa5 39. Nxa5 Bb4 40. Nc6 Bc5 41. f4 Kb2 42. a4 Kxb3 43. a5 Kc3 44. a6 Kd3 45. a7 Bxa7 46. Nxa7 c5 47. Nb5 c4 48. Kf2 Ke4 49. Ke2 Kd5 50. Ke3 Kc5 51. Nc3 Kb4 52. Nd5+ Kc5 53. Nxf6 c3 54. Kd3 Kb4 55. Nd5+ 1-0